[Event "GER-ch38 fin email"]
[Site "GER email"]
[Date "2009.??.??"]
[Round "?"]
[White "Baron, Marek"]
[Black "Zautzig, Hubert"]
[Result "1/2-1/2"]
[WhiteElo "2308"]
[BlackElo "2280"]
[PlyCount "93"]
[EventDate "2009.??.??"]
[EventType "tourn (corr)"]
[EventRounds "12"]
[EventCountry "GER"]
[SourceTitle "Corr 2020"]
[Source "ChessBase"]
[SourceDate "2019.09.30"]
[SourceVersion "1"]
[SourceVersionDate "2019.09.30"]
[SourceQuality "1"]

1. e4 c5 2. Nc3 Nc6 3. Nf3 e5 4. Bc4 Be7 5. d3 d6 6. 0-0 Nf6 7. a4 0-0 8. Bd2 Nd4 9. h3 Be6 10. Re1 a6 11. a5 Rc8 12. Nd5 Nxd5 13. exd5 Bf5 14. b4 Bg6 15. Rb1 Qd7 16. Nxd4 cxd4 17. b5 axb5 18. Bxb5 Qc7 19. Bc4 Qd7 20. Rb5 Rc7 21. Rb6 Ra8 22. f4 f6 23. Bb4 Bf7 24. Qg4 h6 25. Qf3 Rac8 26. Rf1 Bg6 27. f5 Be8 28. c3 dxc3 29. Bxc3 Ra8 30. Bb4 Kh7 31. Rb1 Qc8 32. Bd2 Bd7 33. Kh2 Bxf5 34. a6 bxa6 35. Bxa6 Rxa6 36. Rxa6 Bg6 37. Rbb6 Rb7 38. Rc6 Qe8 39. Bc3 Qg8 40. h4 Qe8 41. Rab6 Rxb6 42. Rxb6 f5 43. h5 Bxh5 44. Qxf5+ Bg6 45. Qf3 Bh5 46. Qe4+ Bg6 47. Qf3 1/2-1/2

[Event "GER-ch38 fin email"]
[Site "GER email"]
[Date "2009.??.??"]
[Round "?"]
[White "Moll, Reinhard"]
[Black "Zautzig, Hubert"]
[Result "1/2-1/2"]
[WhiteElo "2296"]
[BlackElo "2280"]
[PlyCount "51"]
[EventDate "2009.??.??"]
[EventType "tourn (corr)"]
[EventRounds "12"]
[EventCountry "GER"]
[SourceTitle "Corr 2020"]
[Source "ChessBase"]
[SourceDate "2019.09.30"]
[SourceVersion "1"]
[SourceVersionDate "2019.09.30"]
[SourceQuality "1"]

1. e4 c5 2. Nf3 Nc6 3. Nc3 e5 4. Bc4 Be7 5. d3 d6 6. Nd2 Nf6 7. Nf1 Bg4 8. f3 Be6 9. Ne3 0-0 10. 0-0 Nh5 11. Ncd5 Bg5 12. c3 Ne7 13. Nxe7+ Qxe7 14. g3 Bxe3+ 15. Bxe3 Rac8 16. a4 f5 17. Qb3 Bxc4 18. Qxc4+ Kh8 19. exf5 Rxf5 20. b4 Rff8 21. Rab1 Nf6 22. bxc5 dxc5 23. Bg5 b6 24. Rbe1 Qd6 25. Bxf6 Rxf6 26. Re3 1/2-1/2

[Event "GER-ch38 fin email"]
[Site "GER email"]
[Date "2009.??.??"]
[Round "?"]
[White "Rohde, Karsten"]
[Black "Zautzig, Hubert"]
[Result "1/2-1/2"]
[WhiteElo "2263"]
[BlackElo "2280"]
[PlyCount "76"]
[EventDate "2009.??.??"]
[EventType "tourn (corr)"]
[EventRounds "12"]
[EventCountry "GER"]
[SourceTitle "Corr 2020"]
[Source "ChessBase"]
[SourceDate "2019.09.30"]
[SourceVersion "1"]
[SourceVersionDate "2019.09.30"]
[SourceQuality "1"]

1. e4 c5 2. Nf3 Nc6 3. d4 cxd4 4. Nxd4 Nf6 5. Nc3 e5 6. Ndb5 d6 7. Bg5 a6 8. Na3 b5 9. Nd5 Be7 10. Bxf6 Bxf6 11. c4 b4 12. Nc2 0-0 13. g3 a5 14. h4 Be6 15. Bh3 a4 16. Nce3 Nd4 17. Bg2 Qa5 18. Nxf6+ gxf6 19. 0-0 Kh8 20. Qd3 b3 21. a3 Rac8 22. Rac1 Rc5 23. Rc3 Rfc8 24. f4 Qa6 25. Rfc1 Nc2 26. Nxc2 bxc2 27. R1xc2 Rxc4 28. Rxc4 Rxc4 29. Kh2 Qc6 30. Rc3 Rxc3 31. Qxc3 Qa6 32. f5 Bb3 33. Qd2 Kg7 34. g4 h6 35. Kg3 Qb6 36. Qc1 d5 37. exd5 Qd4 38. g5 Qd3+ 1/2-1/2

[Event "GER-ch38 fin email"]
[Site "GER email"]
[Date "2009.??.??"]
[Round "?"]
[White "Wedel, Benno"]
[Black "Zautzig, Hubert"]
[Result "0-1"]
[WhiteElo "2283"]
[BlackElo "2280"]
[PlyCount "82"]
[EventDate "2009.??.??"]
[EventType "tourn (corr)"]
[EventRounds "12"]
[EventCountry "GER"]
[SourceTitle "Corr 2020"]
[Source "ChessBase"]
[SourceDate "2019.09.30"]
[SourceVersion "1"]
[SourceVersionDate "2019.09.30"]
[SourceQuality "1"]

1. c4 e5 2. Nc3 Nf6 3. Nf3 Nc6 4. g3 d5 5. cxd5 Nxd5 6. Bg2 Nb6 7. 0-0 Be7 8. Rb1 0-0 9. b4 a6 10. a3 Be6 11. d3 f5 12. Be3 Nd5 13. Nxd5 Bxd5 14. Qd2 Bd6 15. Ng5 Bxg2 16. Kxg2 Qe7 17. Nf3 h6 18. Qc3 Rf6 19. Rfc1 Kh7 20. Qc4 Raf8 21. Re1 g5 22. Nxg5+ hxg5 23. Bxg5 Kg7 24. e3 Qd7 25. Bxf6+ Rxf6 26. f4 exf4 27. gxf4 Ne7 28. Rg1 Kf8 29. Kh1 b5 30. Qc3 Qe6 31. Rg3 Ke8 32. Rb2 Kd7 33. Rbg2 Rh6 34. Rc2 Kc8 35. Qd2 Kb7 36. Qc3 Nd5 37. Qd4 Be7 38. Qg7 Qd6 39. Qa1 Re6 40. Qg1 Bf6 41. Qg2 Bd4 0-1

[Event "GER-ch38 fin email"]
[Site "GER email"]
[Date "2009.??.??"]
[Round "?"]
[White "Zautzig, Hubert"]
[Black "Mehlhorn, Uwe"]
[Result "1/2-1/2"]
[WhiteElo "2280"]
[BlackElo "2281"]
[PlyCount "121"]
[EventDate "2009.??.??"]
[EventType "tourn (corr)"]
[EventRounds "12"]
[EventCountry "GER"]
[SourceTitle "Corr 2020"]
[Source "ChessBase"]
[SourceDate "2019.09.30"]
[SourceVersion "1"]
[SourceVersionDate "2019.09.30"]
[SourceQuality "1"]

1. e4 d6 2. d4 Nf6 3. Nc3 g6 4. Nf3 Bg7 5. Be2 0-0 6. 0-0 Bg4 7. Be3 Nc6 8. d5 Nb8 9. h3 Bxf3 10. Bxf3 c6 11. Qd2 Nbd7 12. Rfe1 Rc8 13. Rad1 Qc7 14. Bd4 Rfe8 15. a3 a6 16. dxc6 bxc6 17. b3 Rb8 18. Na4 c5 19. Ba1 c4 20. b4 Qc6 21. Nc3 Ne5 22. Qe3 Nxf3+ 23. Qxf3 Nd7 24. Nd5 Bxa1 25. Rxa1 e6 26. Nc3 Red8 27. Rad1 Qb6 28. Qg3 Ne5 29. Kh2 Qc7 30. Rd2 h6 31. f4 Nc6 32. f5 Kh7 33. Ne2 Qe7 34. Nd4 Nxd4 35. Rxd4 Rbc8 36. c3 e5 37. Rd5 gxf5 38. exf5 Rg8 39. Qf3 Qf6 40. Red1 Rcd8 41. R1d2 Rg5 42. Qe4 Qxf5 43. Qxf5+ Rxf5 44. Rxd6 Rxd6 45. Rxd6 Rf1 46. Rxa6 e4 47. Ra5 f5 48. a4 Kg6 49. g3 Rc1 50. Rc5 Rc2+ 51. Kg1 Rxc3 52. Kg2 Ra3 53. a5 c3 54. Kf2 Kf6 55. Ke3 c2+ 56. Kd2 Rxg3 57. a6 f4 58. a7 e3+ 59. Kd3 e2+ 60. Kxe2 Ra3 61. Rxc2 1/2-1/2

[Event "GER-ch37 V9 email"]
[Site "GER email"]
[Date "2007.01.30"]
[Round "?"]
[White "Zautzig, Hubert"]
[Black "Herrmann, Hans"]
[Result "1/2-1/2"]
[WhiteElo "2280"]
[BlackElo "2152"]
[PlyCount "114"]
[EventDate "2007.??.??"]
[EventType "tourn (corr)"]
[EventRounds "10"]
[EventCountry "GER"]
[SourceTitle "Corr 2008"]
[Source "ChessBase"]
[SourceDate "2008.06.24"]
[SourceVersion "1"]
[SourceVersionDate "2008.06.24"]
[SourceQuality "1"]

1. e4 e6 2. d4 d5 3. Nd2 Nf6 4. e5 Nfd7 5. Bd3 c5 6. c3 Nc6 7. Ne2 cxd4 8. cxd4 f6 9. Nf4 Nxd4 10. Qh5+ Ke7 11. exf6+ Nxf6 12. Ng6+ hxg6 13. Qxh8 Kf7 14. 0-0 e5 15. Nb3 Nxb3 16. axb3 Bf5 17. Bxf5 gxf5 18. Bg5 Bc5 19. Qh3 Qd7 20. Bxf6 Kxf6 21. Rfe1 Bd4 22. Rad1 Rc8 23. Rd2 Kf7 24. Kh1 Kg8 25. g3 Rc5 26. Qh5 Qf7 27. Qd1 f4 28. Qg4 f3 29. Rd3 Bxb2 30. Rxf3 Qe8 31. Rf5 a5 32. Qh4 g6 33. Qg5 Rc6 34. Re2 Bd4 35. Rfxe5 Bxe5 36. Rxe5 Qf8 37. Kg2 Qf6 38. Qxf6 Rxf6 39. Rxd5 Rb6 40. Rxa5 Rxb3 41. h4 Kf7 42. g4 Kf6 43. g5+ Ke6 44. Ra8 Kf7 45. f3 b5 46. Rb8 Rb1 47. f4 Rb3 48. Rb6 Kg7 49. Re6 Rc3 50. Re7+ Kg8 51. Rb7 Rb3 52. Rb6 Kg7 53. Rf6 Rc3 54. f5 gxf5 55. Rxf5 b4 56. Rb5 b3 57. Rb6 Re3 1/2-1/2

[Event "GER-ch37 V9 email"]
[Site "GER email"]
[Date "2007.01.28"]
[Round "?"]
[White "Zautzig, Hubert"]
[Black "Peschke, Uwe"]
[Result "1-0"]
[WhiteElo "2280"]
[BlackElo "2185"]
[PlyCount "59"]
[EventDate "2007.??.??"]
[EventType "tourn (corr)"]
[EventRounds "10"]
[EventCountry "GER"]
[SourceTitle "Corr 2008"]
[Source "ChessBase"]
[SourceDate "2008.06.24"]
[SourceVersion "1"]
[SourceVersionDate "2008.06.24"]
[SourceQuality "1"]

1. e4 d5 2. exd5 Qxd5 3. Nc3 Qa5 4. Nf3 Nf6 5. Bc4 c6 6. d4 Bf5 7. Bd2 e6 8. Nd5 Qd8 9. Nxf6+ gxf6 10. Bb3 Nd7 11. Qe2 Qc7 12. Nh4 Bg6 13. 0-0-0 0-0-0 14. Kb1 Bd6 15. g3 Kb8 16. Nxg6 hxg6 17. h4 f5 18. Bg5 Rde8 19. h5 gxh5 20. Rxh5 Rxh5 21. Qxh5 Nb6 22. a4 Ka8 23. c4 c5 24. a5 Nc8 25. dxc5 Bxc5 26. Ba4 Rf8 27. Bh6 Rg8 28. a6 Nd6 29. Bf4 Rd8 30. Qh4 1-0

[Event "GER-ch34 V7 email"]
[Site "GER email"]
[Date "2002.03.23"]
[Round "?"]
[White "Beckmann, Frank"]
[Black "Zautzig, Hubert"]
[Result "1/2-1/2"]
[WhiteElo "2088"]
[BlackElo "2159"]
[PlyCount "61"]
[EventDate "2002.03.23"]
[EventType "tourn (corr)"]
[EventRounds "10"]
[EventCountry "GER"]
[SourceTitle "Corr 2008"]
[Source "ChessBase"]
[SourceDate "2008.06.24"]
[SourceVersion "1"]
[SourceVersionDate "2008.06.24"]
[SourceQuality "1"]

1. d4 c5 2. d5 Nf6 3. c4 e6 4. Nc3 exd5 5. cxd5 d6 6. e4 g6 7. h3 Bg7 8. Nf3 0-0 9. Bd3 b5 10. Bxb5 Nxe4 11. Nxe4 Qa5+ 12. Nfd2 Qxb5 13. Nxd6 Qa6 14. N2c4 Nd7 15. 0-0 Ne5 16. Nxc8 Rfxc8 17. Nxe5 Bxe5 18. Qf3 Re8 19. Rd1 c4 20. Rb1 Qxa2 21. Bg5 Bxb2 22. Bf6 Bxf6 23. Qxf6 Qa4 24. Qd4 a5 25. h4 h5 26. d6 Rad8 27. Rbc1 Re6 28. Rxc4 Qd7 29. Qa1 Rxd6 30. Rxd6 Qxd6 31. Qxa5 1/2-1/2